NBA's Best All-Time Starting Lineups - Statistics

General Stats
  • This quiz has been taken 231 times
  • The average score is 124 of 180
Answer Stats
Teams, position (years) Answer % Correct
SF (2003-2009, 2014-2018) | SF (2010-2014) LeBron James
95%
PF (1975-1989) Kareem Abdul-Jabbar
94%
SG (2011-2017) Kyrie Irving
94%
C (1969-1975) Lew Alcindor
94%
C (1992-1996) | C (1996-2004) | C (2004-2008) Shaquille O'Neal
94%
SG (2018-Present) Trae Young
94%
SG (2012-2020) James Harden
93%
C (1956-1969) Bill Russell
92%
SG (2003-2016, 2019) Dwyane Wade
92%
C (1984-1997) Hakeem Olajuwon
92%
SF (2007-2016) | SF (2016-2019) Kevin Durant
92%
PG (1979-1992,1996) Magic Johnson
92%
PG (2009-Present) Steph Curry
92%
PF (2013-Present) Giannis Antetokounmpo
91%
SF (1973-1976) | SF (1976-1987) Julius Erving
91%
SG (1996-2016) Kobe Bryant
91%
SF (1979-1992) Larry Bird
91%
C (1959-1965) | C (1965-1968) Wilt Chamberlain
91%
PG (2005-2011) | PG (2011-2017) Chris Paul
90%
PF (2008-2018) DeAndre Jordan
90%
SG (1988-1998) Dell Curry
90%
PF (1986-1993) | PF (1995-1998) Dennis Rodman
90%
PF (1985-2003) Karl Malone
90%
PF (2014-2019) Kevin Love
90%
SG (2011-2024) Klay Thompson
90%
SG (1984-1993, 1995-1998) MIchael Jordan
90%
SG (2001-2003) Michael Jordan
90%
PF (1982-1986) Moses Malone
90%
PF (2015-present) Nikola Jokic
90%
PG (2019-2020) | SG (2008-2019) Russell Westbrook
90%
SF (1987-1998) Scottie Pippen
90%
PF (1998-2019) Dirk Nowitzki
89%
PF (2012-Present) Draymond Green
89%
PG (1994-1997, 2007-2012) | PG (2001-2007) Jason Kidd
89%
SG (2018-Present) Luka Doncic
89%
SG (2020-Present) Anthony Edwards
88%
PF (2003-2010) | PF (2010-2016) Chris Bosh
88%
PG (2013-2023) Damian Lillard
88%
PG (2008-2016) | PG (2018-2019) Derrick Rose
88%
SF (2011-2018) | SF (2018-2019) Kawhi Leonard
88%
PF (1995-2007) | PF (2013-2015) Kevin Garnett
88%
PG (1996-1998, 2004-2012) Steve Nash
88%
PG (1984-2003) John Stockton
87%
PG (1950-1963) Bob Cousy
86%
SF (2011-2017) | SG (2003-2011) Carmelo Anthony
86%
PG (1981-1994) Isiah Thomas
86%
PG (2010-2020) John Wall
86%
C (2008-2019) | C (2019-2020) Marc Gasol
86%
PF (2001-2008) Pau Gasol
86%
SG (1987-2005) Reggie Miller
86%
PF (1997-2016) Tim Duncan
86%
PG (2022-Present) Tyrese Haliburton
86%
PG (2006-2008) | SG (1996-2006) | SG (2008-2009) | SG (2009-2010) Allen Iverson
85%
PF (1954-1965) Bob Pettit
85%
PF (1992-1996) | PF (1996-2000) Charles Barkley
85%
PF (2022-Present) Damontas Sabonis
85%
SG (2015-Present) Devin Booker
85%
SF (1982-1994) Dominique Wilkins
85%
PG (1960-1970) | PG (1970-1974) Oscar Robertson
85%
SF (2019-Present) Zion Williamson
85%
PG (1990-2003) | PG (2005-2007) Gary Payton
84%
PF (1991-1996) Larry Johnson
84%
C (1985-2000) Patrick Ewing
84%
PF(2011-2019) Anthony Davis
83%
SF (2010-2018) Blake Griffin
83%
C (1990-2003) David Robinson
83%
C (2016-2024) Karl-Anthony Towns
83%
PG (2001-2018) Tony Parker
83%
SF (2000-2004) | SF (2004-2010) | SF (2010-2011) | SG (2010) Tracy McGrady
83%
PG (2012-2019) Kemba Walker
82%
SG (1962-1978) John Havlicek
81%
PG (2012-2021) Kyle Lowry
81%
SF (2010-2017) Paul George
81%
SG (1998-2004) | SG (2004-2009) Vince Carter
81%
SG (1996-2003) Ray Allen
80%
PF (2005-2012) Dwight Howard
79%
C (2000-2008) Jermaine O'Neal
78%
PG (1993-1999) Anfernee Hardaway
77%
C (1996-2006) Ben Wallace
77%
C (1991-1995) | C (1996-2001 Dikembe Mutombo
77%
SG (2017-2022) Donovan Mitchell
77%
PF (1996-2004) Rasheed Wallace
77%
C (2013-2022) Rudy Gobert
77%
C (2009-2017) Brook Lopez
76%
SF (1982-1995) Clyde Drexler
76%
PF (1980-1993) Kevin McHale
76%
PG (2007-2019) Mike Conley
76%
C (2002-2010) Amar'e Stoudemire
74%
C (2011-2017) | C (2017-2018) DeMarcus Cousins
74%
SG (1974-1985) George Gervin
74%
SF (1980-1990) Alex English
73%
C (2006-2015) LaMarcus Aldridge
73%
SF (1958-1972) Elgin Baylor
72%
PF (1990-1997) Shawn Kemp
70%
PG (1967-1977) Walt Frazier
70%
PF (1969-1981) Wes Unseld
70%
C (1991-1995) Alonzo Mourning
68%
SF (1998-2004) Chris Webber
66%
C (1972-1977) Bob McAdoo
65%
PG (1986-1995) Mark Price
65%
SF (2009-2017) Zach Randolph
63%
SF (2015-2020) Andrew Wiggins
61%
PF (1964-1974) Willis Reed
61%
C (2010-2011, 2014-2015) Tyson Chandler
59%
C (1972-1981) Elvin Hayes
57%
C (1976-1982) Artis GIlmore
55%
SF (2000-2008) Shawn Marion
54%
SG (2006-2011) Brandon Roy
52%
SG (1998-2006) Peja Stojakovic
50%
SF (2003-2010) Gilbert Arenas
49%
SF (1995-1998) Glen Rice
49%
C (1986-1994) Brad Daugherty
45%
SG (2013-2020) Jrue Holiday
44%
PF (2002-2006) Ron Artest
43%
SF (1979-1986) Adrian Dantley
42%
PG (1978-1989) Maurice Cheeks
41%
SG (2012-2017) Jamal Crawford
39%
PG (1960-1968) Larry Wilkens
36%
C (1977-1986) Jack Sikma
35%
SG (2006-2013) JJ Redick
33%
SF (1996-2005) Michael Finley
33%
Orlando Magic
26%
Atlanta Hawks
21%
Philadelphia 76ers
20%
SF (1967-1977) Bob Dandridge
20%
Miami Heat
20%
Sacramento Kings
20%
San Antonio Spurs
20%
Milwaukee Bucks
19%
Chicago Bulls
19%
Cleveland Cavaliers
19%
Boston Celtics
19%
Los Angeles Clippers
19%
Los Angeles Lakers
19%
Dallas Mavericks
19%
Brooklyn Nets
19%
Denver Nuggets
19%
Indiana Pacers
19%
Toronto Raptors
19%
Houston Rockets
19%
Phoenix Suns
19%
Oklahoma City Thunder
19%
Minnesota Timberwolves
19%
Portland Trailblazers
19%
Golden State Warriors
19%
Washington Wizards
19%
Memphis Grizzlies
18%
Charlotte Hornets
18%
Utah Jazz
18%
New York Knicks
18%
New Orleans Pelicans
18%
Detroit Pistons
18%
No matching quizzes found
Score Distribution
Percent of People with Each Score
Percentile by Number Answered
Your Score History
You have not taken this quiz